Detalles MARC
| 000 -Cabecera |
| Campo de control de longitud fija |
02019nam a22006857a 4500 |
| 005 - Fecha y hora de la última transacción |
| Campo de control |
20241120132817.0 |
| 008 - Elementos de longitud fija--Información general |
| Campo de control de longitud fija |
230223b2020 |||||||| |||| 00| 0 spa d |
| 020 ## - International Standard Book Number |
| Número Internacional Estándar del Libro (ISBN) |
9786075269511 |
| 041 ## - Idioma |
| Código de idioma |
Español |
| 082 ## - Clasificación Decimal Dewey |
| Número de clasificación |
658.3 SN671a |
| 100 ## - Entrada principal--Autor personal |
| Nombre personal |
Snell, Scott A. |
| 100 ## - Entrada principal--Autor personal |
| Nombre personal |
Morris, Shad S. |
| 9 (RLIN) |
66949 |
| 245 ## - Título propiamente dicho |
| Título |
Administración de recursos humanos |
| 260 ## - Pie de imprenta |
| Lugar de publicación, distribución, etc. |
México |
| 260 ## - Pie de imprenta |
| Nombre del editor, distribuidor, etc. |
Cengage Learning |
| 260 ## - Pie de imprenta |
| Fecha de publicación, distribución, etc. |
2020 |
| 300 ## - Descripción física |
| Extensión |
576 páginas |
| 365 ## - TRADE PRICE |
| Price amount |
¢24.000 |
| Price note |
Fecha de compra: 17/11/2022 |
| 650 ## - Materia general |
| Temática (materia general) |
ADMINISTRACIÓN DE RECURSOS HUMANOS |
| 650 ## - Materia general |
| Temática (materia general) |
CULTURA ORGANIZACIONAL |
| 650 ## - Materia general |
| Temática (materia general) |
DERECHOS DE LOS EMPLEADOS |
| 650 ## - Materia general |
| Temática (materia general) |
LEYES DE DERECHOS CIVILES |
| 650 ## - Materia general |
| Temática (materia general) |
IGUALDAD DE OPORTUNIDADES |
| 650 ## - Materia general |
| Temática (materia general) |
PLANEACIÓN ESTRATÉGICA |
| 650 ## - Materia general |
| Temática (materia general) |
ROTACIÓN DE PERSONAL |
| 650 ## - Materia general |
| Temática (materia general) |
AUSENTISMO |
| 650 ## - Materia general |
| Temática (materia general) |
IGUALDAD DE OPORTUNIDADES DE EMPLEO |
| 650 ## - Materia general |
| Temática (materia general) |
DISEÑO DE PUESTOS |
| 650 ## - Materia general |
| Temática (materia general) |
DESEMPEÑO LABORAL |
| 650 ## - Materia general |
| Temática (materia general) |
RECLUTAMIENTO |
| 650 ## - Materia general |
| Temática (materia general) |
DESARROLLO DEL TALENTO |
| 650 ## - Materia general |
| Temática (materia general) |
DESARROLLO PERSONAL |
| 650 ## - Materia general |
| Temática (materia general) |
COMPETENCIAS |
| 650 ## - Materia general |
| Temática (materia general) |
HABILIDADES PERSONALES |
| 650 ## - Materia general |
| Temática (materia general) |
SELECCIÓN DE EMPLEADOS |
| 650 ## - Materia general |
| Temática (materia general) |
CAPACITACIÓN |
| 650 ## - Materia general |
| Temática (materia general) |
ENTREVISTAS |
| 650 ## - Materia general |
| Temática (materia general) |
PRUEBAS |
| 650 ## - Materia general |
| Temática (materia general) |
CAPACITACIÓN |
| 650 ## - Materia general |
| Temática (materia general) |
EVALUACIÓN DE NECESIDADES |
| 650 ## - Materia general |
| Temática (materia general) |
ADMINISTRACIÓN DEL DESEMPEÑO |
| 650 ## - Materia general |
| Temática (materia general) |
COMPENSACIÓN |
| 650 ## - Materia general |
| Temática (materia general) |
VALUACIÓN DE PUESTOS |
| 650 ## - Materia general |
| Temática (materia general) |
HERRAMIENTAS DE PAGO |
| 650 ## - Materia general |
| Temática (materia general) |
INCENTIVOS |
| 650 ## - Materia general |
| Temática (materia general) |
BENEFICIOS |
| 650 ## - Materia general |
| Temática (materia general) |
SEGURIDAD Y SALUD OCUPACIONAL |
| 650 ## - Materia general |
| Temática (materia general) |
ERGONOMÍA |
| 650 ## - Materia general |
| Temática (materia general) |
DERECHOS DE LOS EMPLEADOS |
| 650 ## - Materia general |
| Temática (materia general) |
DISCIPLINA |
| 650 ## - Materia general |
| Temática (materia general) |
PROCEDIMIENTOS DISCIPLINARIOS |
| 650 ## - Materia general |
| Temática (materia general) |
ÉTICA GERENCIAL |
| 650 ## - Materia general |
| Temática (materia general) |
RELACIONES LABORALES |
| 650 ## - Materia general |
| Temática (materia general) |
NEGOCIACIÓN |
| 650 ## - Materia general |
| Temática (materia general) |
CONTRATO DE TRABAJO |
| 650 ## - Materia general |
| Temática (materia general) |
ADMINISTRACIÓN INTERNACIONAL DE RECURSOS HUMANOS |
| 650 ## - Materia general |
| Temática (materia general) |
OPERACIONES INTERNACIONALES |
| 650 ## - Materia general |
| Temática (materia general) |
SISTEMA DE ALTO DESEMPEÑO |
| 942 ## - Punto de acceso adicional KOHA |
| Tipo de ítem KOHA |
Libro |
| Fuente del sistema de clasificación o colocación |
Dewey Decimal Classification |